Connection is a Publication of the American Chamber of Commerce in the Slovak Republic

Gespeichert in:
Bibliographische Detailangaben
Format: Schriftenreihe
Sprache:Englisch
Veröffentlicht: Bratislava American Chamber of Commerce in Slovakia
Schlagworte:
Tags: Tag hinzufügen
Keine Tags, Fügen Sie das erste Tag hinzu!

MARC

LEADER 00000nas1a2200000$$$4500
001 0053544
005 20260202111827.5
022 |a 1339-0872 
041 0 |a eng 
044 |a SK 
245 1 0 |a Connection  |b is a Publication of the American Chamber of Commerce in the Slovak Republic 
264 1 |a Bratislava  |b American Chamber of Commerce in Slovakia 
500 |a Do r. 2019 vychádzal 6x ročne s podnázvom: American Chamber of Commerce in Slovakia 
610 2 0 |a komory obchodné 
610 2 0 |a Slovensko 
610 2 0 |a USA 
610 2 0 |a obchod medzinárodný